000 00310nam a22001217a 4500
008 190225b xxu||||| |||| 00| 0 eng d
041 _aeng
080 _a510
100 _a36
101 _aMAT
245 _aBeginning and Intermediate Algebra with applications&visualization
_cRockswold, G.K
942 _2udc
_cBK
999 _c54225
_d54225